Statistics for Australia Quiz #3

Click here to take the quiz!

General Stats

  • This quiz has been taken 6 times
  • The average score is 4 of 8

Answer Stats

QuestionAnswer% Correct
Where is Australia25.2744° S, 133.7751° E
60%
Who was Australia's First Olympic gold medalistEdwin Flack
60%
I can feel my face when I sniff ...Glue
60%
Who was Australia's First MillionaireJames Tyson
60%
Who was the 'True' winner of Australian idol 2003Shannon Noll
60%
Who do you let into Australia during a worldwide pandemicTennis players
60%
Who Runs AustraliaScoMO
40%
Who stole my babyChris
20%

Score Distribution

Percentile by Number Answered

Percent of People with Each Score

Your Score History

You have not taken this quiz